LEADER 01158nam 2200325Ka 450 001 9910695891903321 005 20070504144911.0 035 $a(CKB)5470000002372868 035 $a(OCoLC)123990039 035 $a(EXLCZ)995470000002372868 100 $a20070504d2004 ua 0 101 0 $aeng 181 $ctxt$2rdacontent 182 $cc$2rdamedia 183 $acr$2rdacarrier 200 10$aFinancial management$b[electronic resource] $eDepartment of the Treasury payments for water and sewer services provided by the District of Columbia were made timely for the third quarter of fiscal year 2004 210 1$a[Washington, D.C.] :$cOffice of Inspector General, Dept. of the Treasury,$d[2004] 215 $ai, 5 pages $cdigital, PDF file 225 1 $aAttestation report ;$vOIG-04-030 300 $aTitle from title screen (viewed on May 4, 2007). 300 $a"April 15, 2004." 517 $aFinancial management 606 $aWater utilities$zWashington (D.C.) 615 0$aWater utilities 801 0$bGPO 801 1$bGPO 906 $aBOOK 912 $a9910695891903321 996 $aFinancial Management$9424135 997 $aUNINA